| 000 | 00557nam a2200205Ia 4500 | ||
|---|---|---|---|
| 003 | OSt | ||
| 005 | 20260525142514.0 | ||
| 008 | 210210b1992 xxu||||| |||| 00| 0 eng d | ||
| 040 | _cAL | ||
| 041 | _aEnglish | ||
| 082 | _a510 RANT | ||
| 100 |
_aRANGANATH (G K) & SAMPANGIRAM (C S). _9264498 |
||
| 245 | _aText book of B Sc. mathematics. P I. I B.Sc. | ||
| 260 |
_aDelhi _bS. Chand & Co. Ltd. _c1992 |
||
| 300 | _a515 | ||
| 650 |
_aFirst Bsc. maths, Bangalore university _9264499 |
||
| 690 |
_aMathematics _9264500 |
||
| 906 | _a048357 | ||
| 942 |
_2ddc _cBK |
||
| 999 |
_c97166 _d97166 |
||